Letters from a father to his daughter / (Record no. 178540)

MARC details
000 -LEADER
fixed length control field 00746nam a22002057a 4500
005 - DATE AND TIME OF LATEST TRANSACTION
control field 20210406114330.0
010 ## - LCCN (DPL NO)
LC control number B-738736
020 ## - INTERNATIONAL STANDARD BOOK NUMBER
International Standard Book Number 9780670058167
Terms of availability 250.00
035 ## - SYSTEM CONTROL NUMBER
System control number B-738736
037 ## - SOURCE OF ACQUISITION
Source of stock number/acquisition Gift
082 ## - DEWEY DECIMAL CLASSIFICATION NUMBER
Classification number 080
100 ## - MAIN ENTRY--PERSONAL NAME
Personal name Nehru, Jawaharlal
245 ## - TITLE STATEMENT
Title Letters from a father to his daughter /
Statement of responsibility, etc by Jawaharlal Nahru ; illustrated by Ajanta Guhathakurta
260 ## - PUBLICATION, DISTRIBUTION, ETC. (IMPRINT)
Place of publication, distribution, etc New Delhi
Name of publisher, distributor, etc Puffin Books
Date of publication, distribution, etc 2004
270 ## - ADDRESS
Address 11 Community Centre, Panchsheel Park
City New Delhi
Postal code 110017
300 ## - PHYSICAL DESCRIPTION
Extent 154p.:
Dimensions 22cm(pbk)
Other physical details ill.
700 ## - ADDED ENTRY--PERSONAL NAME
Personal name Guhathakurta, Ajanta
942 ## - ADDED ENTRY ELEMENTS (KOHA)
Source of classification or shelving scheme Dewey Decimal Classification
Item type English Books
Classification part 080
Call number suffix NEH
Holdings
Withdrawn status Lost status Not for loan Collection code Home library Current library Date acquired Source of acquisition Cost, normal purchase price Full call number Barcode Copy number Cost, replacement price Koha item type
      Non-fiction Central Library Central Library 06/04/2021 Gift/Eng/26-02-2021 250.00 080 NEH B-738736 1 250.00 English Books

© Delhi Public Library
Hit Counter
free hit counter